| 000 | 006230000a22001930004500 | ||
|---|---|---|---|
| 090 |
_aAR _b04349 |
||
| 245 | 1 | 0 | _aLong-term and large-scale perspectives on the relationship between biodiversity and ecosystem functioning |
| 041 | 0 | _aInglés | |
| 700 | 1 |
_aChapin, F. Stuart _994312 |
|
| 700 | 1 |
_aWall, Diana H. _959020 |
|
| 700 | 1 |
_aGross, Katherine L. _998259 |
|
| 700 | 1 |
_aHuenneke, Laura F. _998260 |
|
| 700 | 1 |
_aMittelbach, Gary G. _998261 |
|
| 700 | 1 |
_aPeters, Debra P. _998262 |
|
| 700 | 1 |
_aTilman, David _917200 |
|
| 100 | 1 |
_aSymstad, Amy J. _998263 |
|
| 942 | _cARTICULO | ||
| 773 | 1 |
_tBioScience _h1 _q89-98 _d2003 _g53 |
|
| 999 |
_c13446 _d13446 |
||